000
00291nam a22001337a 4500
008
170628b xxu||||| |||| 00| 0 eng d
020
_a
9780691016252
041
_a
eng
080
_a
82
100
_a
22
101
_a
GJL
245
_a
OPTIMAL IMPERFECTION
_c
DOWNAS.G.W
942
_2
udc
_c
BK
999
_c
19417
_d
19417